000 00722nam a2200181 a 4500
003 0
005 20250626085053.0
008 030603s19uu xx 00 eng d
050 _aPHS LB 3609
_b.M36 1998
100 _aMante, Sherwin G.
245 _aThe Perception of high school students of S.I.S. and C.A.A. National High School about Monday sickness /
_cSherwin G. Mante.
260 _aLas PiƱas City, Philippines :
_bSouthville International School and Colleges,
_c1998.
300 _aunnumbered pages :
_billustrations ;
_c29 cm.
650 _aStudents
_xPsychology
_zPhilippines.
650 _aSchool attendance
_xPsychological aspects.
650 _aHigh school students
_xAttitudes
_zPhilippines.
942 _2lcc
_cPASS
999 _c96217
_d96217